000 00502nmm a2200169Ia 4500
008 251105s9999||||xx |||||||||||||||||und||
020 _a9789586486637
041 _aspa
100 _aGómez Mendoza, Miguel Ángel
245 0 _aCómo hacer tesis de maestría y doctorado
264 _a[Bogotá, Colombia] :
_bEcoe Ediciones,
_c2010
300 _a189 páginas
490 _aEducación y pedagogía
650 _aEducation
856 _uhttps://public.digitaliapublishing.com/a/29881
942 _cCF
999 _c95309
_d95309